000 00327nam a2200145Ia 4500
008 230523s9999 xx 000 0 und d
100 _aPillai, K.N.C.
245 0 _aR.V. Kelkar's Criminal Procedure. Ed.7
250 _a7
260 _aLucknow
260 _bEastern Book Co.
260 _c2021
300 _a944
942 _cTB
999 _c1006
_d1006